|
|
|
|
| LEADER |
00000nab a2200000 a 4500 |
| 001 |
vtls009007513 |
| 003 |
SK-MaSNL |
| 005 |
20260305015742.0 |
| 008 |
070716c2006 xo mr p 000 00slo |
| 038 |
|
|
|a SVKPO
|
| 040 |
|
|
|a SVKPO
|b slo
|c SVKPO
|e AACR2
|
| 041 |
0 |
|
|a slo
|
| 044 |
|
|
|a xo
|c SK
|
| 080 |
|
|
|a 233-46
|2 2001
|
| 080 |
|
|
|a 281.93(437.6):061.2
|2 2001
|
| 080 |
|
|
|a 061.2
|2 2001
|
| 080 |
|
|
|a 329.783(437.6)-053.2:061.2
|2 2001
|
| 245 |
0 |
0 |
|a Ďakovný večer Bratstva
|
| 300 |
|
|
|b Fotogr.
|
| 610 |
2 |
7 |
|a Bratstvo pravoslávnej mládeže na Slovensku - SYNDESMOS
|2 svkpocl
|9 109896
|
| 610 |
2 |
7 |
|a Základná škola Tarasa Ševčenka (Prešov, Slovensko)
|2 svkpocl
|9 57176
|
| 611 |
2 |
7 |
|a Ďakovný večer
|d (2006 :
|c Prešov, Slovensko)
|2 svkpocl
|9 1594867
|
| 648 |
|
7 |
|a 16.1.2006
|2 svkpocl
|9 1070480
|
| 650 |
0 |
7 |
|a dobročinnosť
|2 svkpocl
|9 242233
|
| 650 |
0 |
7 |
|a náboženstvo
|2 svkpocl
|9 2023
|
| 651 |
|
7 |
|a Prešov (Slovensko)
|2 svkpocl
|9 17347
|
| 773 |
0 |
|
|t Istyna = Istina
|g Roč. XI, február (2006), s. 24
|x 1335-6739
|
| 852 |
|
|
|a SVKPO
|b KIS3GCP
|
| 958 |
|
|
|a UK
|
| 958 |
|
|
|a RN
|
| 958 |
|
|
|a NT
|
| 958 |
|
|
|a SK
|
| 999 |
|
|
|c 3276913
|d 3278843
|